Регионална библиотека "Любен Каравелов" - Русе

История на изкуството (Запис номер 41555)

MARC детайли
000 -Лидер
Контролно поле с фиксирана дължина 01818nam a2200349 c 4500
003 - Код на организацията, давaща контролен номер
Контролно поле BLK
005 - Дата и час на последна редакция
Контролно поле 20230413113658.0
008 - Елементи от данни с фиксирана дължина
fixed length control field 180408b bul|||||r ||||||| ||bul||
010 ## - Наследен системен номер
LC control number KNG00045120000
040 ## - Източник на каталожния запис
Идентификатор на билиотеката - собственик на записа BLK
041 ## - Код за език
Код за езика на текст/звукозапис или на отделно заглавие Български
Код за езика КДБФ Български
080 ## - УДК
Текстов определител УДК История на изкуството (периоди и фази). Художествени стилове и влияния
УДК код - определител по УДК 7.03
УДК - код + определител 7.03
100 1# - Редна дума - Автор
Автор Алпатов, Михаил Владимирович
Авторска отговорност първи автор
R(LIN) 30900
139 ## - Редно поле
Редна дума Алпатов, Михаил Владимирович
Авторски знак Алп - А 57
245 10 - Сведения за заглавието
Заглавие История на изкуството
Подзаглавни данни Т. 1 -
Редно поле (дума) Михаил Владимирович Алпатов; прев. от рус. Анастасия Беливанова.
Том Т. 2
Заглавие на том Изкуството на Средновековието
250 ## - Област на изданието
Сведения за изданието 2. изд.
257 ## - Страна на издаване
Страна на създаване/издаване СССР
260 ## - Област на издателските данни
Място на издаване, разпространение и проч. София
Име на издателя, разпространителя и проч. Бълг. художник
Година на издаване 1981 -
300 ## - Физическа характеристика
Страници 248 с.
Илюстрации и др. с ил., 60 л. ил.
Размери/Мащаб 22 см
380 ## - Жанр
Жанр Изкуство
500 ## - Общи забележки
Забележка Ориг. загл. Всеобщая история искусств.
650 #4 - Допълнително описание по предмет – тема
Основно описание – тема или топоним Изкуство, средновековно
9 (RLIN) 277834
653 ## - Ключова дума – ненормативна
Ключова дума изкуство
653 ## - Ключова дума – ненормативна
Ключова дума история на изкуството
700 1# - Други автори (авторска отговорност)
Лично име Беливанова, Анастасия
Автороска отговорност (Описва отношението между автора и произведението) прев. от рус.
9 (RLIN) 277749
760 1# - Описание на основната серия
Редна дума на основното описание Алпатов, Михаил Владимирович
Издание 2. изд.
Място на издаване, издател и година 1982
Страници - том 248 с. : с ил., 60 л. ил.
Забележка - том 1. изд. 1975. - Библиогр. с. 212-226. - Именен, предм., геогр. показалци.
Заглавие Т. 2 Изкуството на Средновековието
852 ## - Местоположение
Форматна сигнатура Цб 112073
856 4# - Електронен адрес и достъп
Електронен формат pdf - файл
Инструкция (цена за достъп) 0.00
Права за достъп disable
856 4# - Електронен адрес и достъп
Електронен формат pdf - файл
Инструкция (цена за достъп) 0.00
Права за достъп disable
999 ## - СИСТЕМНИ КОНТРОЛНИ НОМЕРА
Koha biblionumber 41555
Koha biblioitemnumber 41555
942 ## - АРТИКУЛИ
Вид на библиотечния материал Книги
Скрит в OPAC Не
Koha issues (borrowed), all copies 4
Периодичен библиозапис Да
944 ## - СЪЗДАВАНЕ И РЕДАКЦИЯ на ЗАПИСА
Създаване/Редакция Създаване
Дата на регистрацията/редакция 04.06.2011
Статус, дата на статуса 04.06.2011 - от С1,Р / 04.06.2011
Служител, извършил регистрацията/редакцията Елица_Владова
944 ## - СЪЗДАВАНЕ И РЕДАКЦИЯ на ЗАПИСА
Създаване/Редакция Редакция
Дата на регистрацията/редакция 04.06.2011
Статус, дата на статуса 04.06.2011 - от С1,Р / 04.06.2011
999 ## - СИСТЕМНИ КОНТРОЛНИ НОМЕРА
Koha biblioitemnumber 41555
Наличности
Код за отписване Код за изгубен артикул Източник на класификационната схема Код за повреда Коз за рестрикции Код за отдаване Артикулен № Име на библиотеката - собственик Име на библиотеката, в която се намира в момента Статус (Текущо местоположение) Дата на вписване в системата Местоположение - отдел Цена в лева Инвентарен номер Систематично азбучна сигнатура Баркод Номер на екземпляра Цена в евро Служебна бележка Служебен тип на артикула
  Не е изгубен Universal Decimal Classification Не е повреден само за читалня ползва се в читалня 65172 Регионална библиотека "Любен Каравелов" Русе Регионална библиотека "Любен Каравелов" Русе Хранилище 1982-01-01 Хранилище 4.78 356227 Цб 112073 120000356227 1 2.44 Дост: Dp Вид: Д N: стар фонд Дата: 01.01.1982 Книги
  Не е изгубен Universal Decimal Classification Не е повреден без рестрикции заемане за дома 65173 Регионална библиотека "Любен Каравелов" Русе Регионална библиотека "Любен Каравелов" Русе Отдел Изкуство - подръчен фонд 1982-01-01 Отдел Изкуство - подръчен фонд 4.78 355863 7.03/А 57 120000355863 2 2.44 Дост: Pk Вид: Ф N: стар фонд Дата: 01.01.1982 Дата инв: 10.02.2015 Бележки инв: ИП2015 Книги
Vip Innovations Ltd, Rousse, Bulgaria 2025